Fuzzy sets and fuzzy logic : theory and applications
Αποθηκεύτηκε σε:
| Κύριος συγγραφέας: | |
|---|---|
| Άλλοι συγγραφείς: | |
| Μορφή: | Βιβλίο |
| Γλώσσα: | English |
| Δημοσίευση: |
Upper Saddle River, N.J. :
Prentice Hall PTR,
c1995
|
| Θέματα: | |
| Ετικέτες: |
Προσθήκη ετικέτας
Δεν υπάρχουν, Καταχωρήστε ετικέτα πρώτοι!
|
MARC
| LEADER | 00000nam a2200000 i 4500 | ||
|---|---|---|---|
| 001 | 1/37540 | ||
| 008 | 970506s1995 eng d | ||
| 020 | |a 0-13-101171-5 | ||
| 035 | |1 ΕΛΗ |a 1997 |b 1604 |c ΤΟΚΑΤΛΙΔΟΥ |l 10040536 | ||
| 040 | |a GR-MY-UA |b gre |e aacr | ||
| 041 | 0 | |a eng | |
| 082 | 0 | |a 511.321 | |
| 100 | 1 | |a Klir, George J. |d 1932- | |
| 245 | 1 | 0 | |a Fuzzy sets and fuzzy logic : |b theory and applications / |c George J. Klir and Bo Yuan |
| 260 | |a Upper Saddle River, N.J. : |b Prentice Hall PTR, |c c1995 | ||
| 300 | |a xv, 574 p.; |b ill.; |c 25 cm. | ||
| 500 | |a Includes bibliographical references (p.494-547) and indexes. | ||
| 650 | 0 | 0 | |a Fuzzy sets. |
| 650 | 0 | 0 | |a Fuzzy logic. |
| 700 | 1 | |a Yuan, Bo. | |
| 852 | |a INST |b SAMOS |e 19970506 |h 511.321 KLI |p 005300008881 |q 005300008881 |t BK |y 23 | ||
| 852 | |a INST |b SAMOS |e 19980616 |h 511.321 KLI |p 005300011223 |q 005300011223 |t BK |y 0 | ||
| 852 | |a INST |b SAMOS |e 19980616 |h 511.321 KLI |p 005300011224 |q 005300011224 |t BK |y 0 | ||
| 852 | |a INST |b SAMOS |e 19980616 |h 511.321 KLI |p 005300011225 |q 005300011225 |t BK |y 0 | ||
| 901 | |a BIBL-1997-2 | ||
| 909 | |a Σ |b 050877 | ||
| 909 | |a Σ |b 056844 | ||
| 909 | |a Σ |b 056845 | ||
| 909 | |a Σ |b 056847 | ||
| 922 | |a 3ΕΛΗ |b 199805 |c ΚΠΣ |d ΠΑΠΑΣΩΤΗΡΙΟΥ | ||